000
00272nam a2200097Ia 4500
008
220204s9999 xx 000 0 und d
082
_a
008(540)
_b
TOW
245
0
_a
Towards understanding India
260
_a
New Delhi
_b
Indian Council for Cultural Relations
_c
1965
942
_c
BK
999
_c
22379
_d
22379